| 000 | 00393cam a2200157ua 4500 | ||
|---|---|---|---|
| 003 | OSt | ||
| 008 | 250610b |||||||| |||| 00| 0 eng d | ||
| 020 | _a0 13 272717 x | ||
| 041 | _aeng | ||
| 082 |
_a624.1821 _bMOR/EL |
||
| 100 |
_aMorrow, H W . _97562 |
||
| 245 | _aElements of steel design / | ||
| 260 |
_aNew Jersey : _bPrentice Hall Inc , _c1987. |
||
| 300 | _a305 ; . | ||
| 942 | _cBK | ||
| 999 |
_c10403 _d10403 |
||